| 000 | 00731nam a22002297a 4500 | ||
|---|---|---|---|
| 003 | UA-OsUOA | ||
| 001 | 75836 | ||
| 007 | ta | ||
| 008 | 20110602b un ||||| |||| 00| 0 ukr d | ||
| 090 |
_a7.011.26(477) _bК78 |
||
| 942 | _cBK | ||
| 040 |
_aUA-OsUOA _bukr _cUA-OsUOA _dUA-OsUOA |
||
| 245 |
_aКращий твір року - 2010 _bвсеукраїнська виставка-конкурс _cавт.-упоряд.: Є.Шевченко, В.Горнієнко |
||
| 300 | _a84 с. | ||
| 955 | _a2 | ||
| 041 | _aukr | ||
| 080 | _a7.011.26(477) | ||
| 020 | _a978-966-2232-00-9 | ||
| 260 |
_aК. _bНародні джерела _c2010 |
||
| 650 | 7 |
_a7.0 Загальні питання мистецтва _2UDC |
|
| 999 |
_c362133 _d362133 |
||